Les crimes contre l'environnement - application de la partie générale

Saved in:  
Bibliographic Details
Authors: Piret, J. M. (Author) ; Hennau-Hublet, C. (Author)
Format: Print Article
Language:French
Published: 1993
In: Revue de droit pénal et de criminologie
Year: 1993, Volume: 73, Pages: 257-310
Check availability: HBZ Gateway
Keywords:

MARC

LEADER 00000caa a22000002c 4500
001 1640342389
003 DE-627
005 20250219114702.0
007 tu
008 160223s1993 xx ||||| 00| ||fre c
035 |a (DE-627)1640342389 
035 |a (DE-576)456121463 
035 |a (DE-599)BSZ456121463 
040 |a DE-627  |b ger  |c DE-627  |e rakwb 
041 |a fre 
100 1 |a Piret, J. M.  |4 aut 
245 1 4 |a Les crimes contre l'environnement - application de la partie générale  |c J.M Piret, C. Hennau-Hublet 
264 1 |c 1993 
336 |a Text  |b txt  |2 rdacontent 
337 |a ohne Hilfsmittel zu benutzen  |b n  |2 rdamedia 
338 |a Band  |b nc  |2 rdacarrier 
700 1 |a Hennau-Hublet, C.  |4 aut 
773 0 8 |i In  |t Revue de droit pénal et de criminologie  |d Bruxelles : La Charte, 1907  |g 73(1993), Seite 257-310  |w (DE-627)129502960  |w (DE-600)208677-3  |w (DE-576)014905795  |x 0035-4384  |7 nnas 
773 1 8 |g volume:73  |g year:1993  |g pages:257-310 
935 |a mkri 
951 |a AR 
ELC |b 1 
LOK |0 000 xxxxxcx a22 zn 4500 
LOK |0 001 3301935869 
LOK |0 003 DE-627 
LOK |0 004 1640342389 
LOK |0 005 20250219114702 
LOK |0 008 160208||||||||||||||||ger||||||| 
LOK |0 040   |a DE-21-110  |c DE-627  |d DE-21-110 
LOK |0 689   |a s  |a Umweltstrafrecht 
LOK |0 689   |a g  |a Belgien 
LOK |0 852   |a DE-21-110 
LOK |0 852 1  |m p  |9 00 
LOK |0 935   |a k110 
LOK |0 938   |k p 
LOK |0 939   |a 08-02-16  |b l01 
ORI |a SA-MARC-krimdoka001.raw